[Event "Thane ARMS op 1st"]
[Site "Thane"]
[Date "2018.04.21"]
[Round "1"]
[White "Thakur, Bhavesh Pravin"]
[Black "Dixit, Nikhil"]
[Result "0-1"]
[WhiteElo "1009"]
[BlackElo "1995"]
[PlyCount "82"]
[EventDate "2018.04.21"]
[EventType "swiss (rapid)"]
[EventRounds "9"]
[EventCountry "IND"]
[SourceTitle "CBM 184 Extra"]
[Source "ChessBase"]
[SourceDate "2018.06.28"]
[SourceVersion "1"]
[SourceVersionDate "2018.06.28"]
[SourceQuality "1"]

1. e4 e6 2. d4 d5 3. exd5 exd5 4. Bd3 Nf6 5. Bg5 Be7 6. h3 0-0 7. Nf3 c5 8. 0-0 Qb6 9. Nbd2 c4 10. Be2 Qxb2 11. Be3 Nc6 12. Qc1 Qxc1 13. Raxc1 Bf5 14. c3 Ba3 15. Ra1 Bb2 16. Rae1 Bxc3 17. Nh4 Ne4 18. Nxf5 Bxd2 19. Rb1 Bxe3 20. fxe3 Nd2 21. Rxb7 Nxf1 22. Kxf1 g6 23. Ne7+ Nxe7 24. Rxe7 Rfe8 25. Rxe8+ Rxe8 26. Kf2 c3 27. Bd3 Rc8 28. Ba6 Rb8 29. Bd3 c2 30. Bxc2 Rb2 31. Kf3 Rxc2 32. g4 Rxa2 33. e4 dxe4+ 34. Kxe4 Ra3 35. h4 Kf8 36. Kd5 Rg3 37. Kc6 Rxg4 38. d5 Rxh4 39. d6 Rd4 40. Kc7 Rxd6 41. Kxd6 h5 0-1